LEADER 01089nam a2200241 a 4500 001 000000127166 003 CaOOAMICUS 005 20111123112542.0 008 111123s1893 it bf u000 u ita r 040 $aPUL$bita 100 1 $aBrunengo, Giuseppe,$cS.I.,$d1821-1891.$0(OLS)http://pul/name/7762 245 13$aIl patriziato romano di Carlomagno /$cper Giuseppe Brunengo. 260 $aPrato :$bTipografia Giachetti, Figlio e C.,$c1893. 300 $aVI, 416 p., [1] c. di tav. ripieg. :$bc. geogr. ;$c24 cm. 504 $aBibliografia in nota. 600 04$aCharlemagne,$cimperatore del Sacro romano impero,$d742-814.$0(OLS)http://pul/subject/4410 650 4$aCarolingi$xPolitica$yMedioevo.$0(OLS)http://pul/subject/13909 850 $aPUL 852 $aPUL$W1$xDP1 Fondo Maccarrone$y58$m1508 B 33$j147063$qFondi$B145759$CPULBib$Z2$F145759 $H02294 $82 941 1 $a1 996 $6245$aIl patriziato romano di Carlomagno$9(OLS)http://pul/title/160663 996 $6260$aPrato :$bTipografia Giachetti, Figlio e C.$9(OLS)http://pul/publisher/57299 LEADER 00841nam a2200217 u 4500 001 000000015522 003 CaOOAMICUS 005 20070226105905.0 008 941215s1963 it u000 u ita u 035 $a10363099 040 $aPUL(R)$bita 110 1 $aItalia.$bMinistero dell'interno.$bDirezione generale degli archivi di Stato.$0(OLS)http://pul/name/14276 245 13$aLa legge sugli archivi. 260 $aRoma :$b[s.n.],$c1963. 300 $a411 p. ;$c21 cm 650 4$aArchivi.$0(OLS)http://pul/subject/10900 850 $aPUL 852 $aPUL$W1$xDP2 Diritto e Scienze Sociali 1$y65$m171 C 41$j21777$nBK-PRI$qStampati$B21777$CPULBib$Z2$F21777 $H23478 $82 941 1 $a8 996 $6245$aLa legge sugli archivi$9(OLS)http://pul/title/22267 996 $6260$aRoma :$b[s.n.]$9(OLS)http://pul/publisher/47958